00522nam a22001457a 4500003000400000005001700004008004100021040001400062100003400076245007800110260000900188300002800197500012700225504002400352OSt20171010095449.0120625t xxu||||| |||| 00| 0 eng d aMMSUcULS aAfricano, Maynard F., et al.  aOn the Job Training (OJT) in Animal SciencecMaynard F. Africano, et al.  c2008 axix, 57 leaves c28 cm. aThesis (BS Agriculture-Animal Science) -- Mariano Marcod State University-College of Agriculture and Forestry, Batac City  aBibliography: None